ბათუმის შოთა რუსთაველის სახელმწიფო უნივერსიტეტის ბიბლიოთეკა

მეტყევეობის საფუძვლები (ბიბ.ჩანაწერი № 44432)

000 -LEADER
fixed length control field 00907nam a2200229Ia 4500
001 - CONTROL NUMBER
control field 11198
003 - CONTROL NUMBER IDENTIFIER
control field GE_BSU
008 - FIXED-LENGTH DATA ELEMENTS--GENERAL INFORMATION
fixed length control field 181216s||||||||xx |||||||||||||| ||und||
040 ## - CATALOGING SOURCE
Transcribing agency GE_BSU
080 ## - UNIVERSAL DECIMAL CLASSIFICATION NUMBER
Universal Decimal Classification number 630.2(075.8)
100 ## - MAIN ENTRY--PERSONAL NAME
Personal name ვ. დარახველიძე, პ. მეტრეველი, ლ. ჩიხლაძე
245 ## - TITLE STATEMENT
Title მეტყევეობის საფუძვლები
245 ## - TITLE STATEMENT
Remainder of title სას-სამ. ინ-ტების აგრონომიული სპეც. სტუდენტებისათვის
245 ## - TITLE STATEMENT
Statement of responsibility, etc. რედ: გ. გიგაური
260 ## - PUBLICATION, DISTRIBUTION, ETC.
Place of publication, distribution, etc. თბილისი.
260 ## - PUBLICATION, DISTRIBUTION, ETC.
Name of publisher, distributor, etc. სას-სამ. ინ-ტის გამ-ბა
260 ## - PUBLICATION, DISTRIBUTION, ETC.
Date of publication, distribution, etc. 1959
300 ## - PHYSICAL DESCRIPTION
Extent 329გვ.25სმ.
300 ## - PHYSICAL DESCRIPTION
Accompanying material ილ.ცხრ.
653 ## - INDEX TERM--UNCONTROLLED
Uncontrolled term მეტყევეობის საფუძვლები
942 ## - ADDED ENTRY ELEMENTS (KOHA)
Koha item type წიგნი
ეგზემპლარები
Withdrawn status Lost status Damaged status Not for loan Date acquired Barcode Date last seen Price effective from Koha item type
        2018-12-17 19401 2018-12-17 2018-12-17 წიგნი